000 00747nam a22002177a 4500
999 _c10633
_d10633
003 AR-CdUCM
008 190401b ||||| |||| 00| 0 spa d
040 _aMUNICIPALIDAD PROVINCIAL DEL CUSCO
_cBIBLIOTECA MUNICIPAL DEL CUSCO
041 _heng
082 _aES / 800 /
_bB39
100 _aBerdiales, Germán
_917367
245 _aEl Hijo de Yapeyú :
_bVida Anecdótica de San Martín de la Cuna Indígena a la Ínsula Cuyana 1777-1817 /
260 _aBuenos Aires :
_bAcme Agency S. A. C. I. ;
_c1954.
300 _a300 páginas ;
_bIlustraciones
_c20cm
440 _aColección Robin Hood
_927354
505 _aContenido: Novela
650 _aNovela
_9572
650 _aLiteratura juvenil
_91580
942 _2ddc
_cLIBROS
945 _anom